| 000 | 00000nam##2200000za#4500 |
| 001 | 9.574034 |
| 003 | CaOODSP |
| 005 | 20210624184003 |
| 007 | cr ||||||||||| |
| 008 | 150406|2000||||xxc|||||o f|0| 0 eng|d |
| 022 | |a1488-5379 |
| 040 | |aCaOODSP|beng |
| 043 | |an-cn--- |
| 086 | 1 |aFs97-6/2334E-PDF |
| 110 | 1 |aCanada. |bDepartment of Fisheries and Oceans. |
| 245 | 10|aReview of literature related to the downstream ecological effects of hydroelectric power generation / |h[electronic resource]|cby R.J. Steele and K.E. Smokorowski. |
| 260 | |aSault Ste. Marie - Ontario : |bFisheries and Oceans Canada |cDecember 2000. |
| 300 | |a62p.|breferences |
| 490 | 1 |aCanadian technical report of fisheries and aquatic sciences|x1488-5379|vNo. 2334 |
| 500 | |aIncorrect catalogue number (Fs97-6/2234E) and ISSN (0706-6457) for the print edition copied in this electronic publication. |
| 546 | |a(Résumé en français) |
| 590 | |a12-22-Supp|b2012-05-24 |
| 720 | 1 |aSmokorowski, K. E. |
| 720 | 1 |aSteele, R. J. |
| 776 | 0#|tReview of literature related to the downstream ecological effects of hydroelectric power generation / |w(CaOODSP)9.615470 |
| 830 | #0|aCanadian technical report of fisheries and aquatic sciences,|x1488-5379|vNo. 2334|w(CaOODSP)9.504449 |
| 856 | 40|ahttp://publications.gc.ca|qPDF|s183 KB|uhttps://publications.gc.ca/collections/collection_2012/mpo-dfo/Fs97-6-2334-eng.pdf|yNo. 2334 |